Statistics for Countries, US States, Capitals, Elements, 100 Most Common Words: Containing Laos-Lead-Rome-Than-Utah

Click here to take the quiz!

General Stats

  • This quiz has been taken 135 times
  • The average score is 42 of 96

Answer Stats

LEAD - THAN% Correct
{}{U}{}{t}{}{a}{}{h}{}
96%
{}{L}{}{a}{}{o}{}{s}{}
94%
{}{R}{}{o}{}{m}{}{e}{}
93%
{}{L}{}{e}{}{a}{}{d}{}
90%
{}{T}{}{h}{}{a}{}{n}{}
88%
{D}{e}{}{m}{}{o}{c}{r}{atic} {Republic} {of} {the} {Congo}
74%
{Democr}{a}{}{t}{ic} {Rep}{u}{blic} {of} {t}{h}{e} {Congo}
74%
{}{D}{}{e}{mocr}{a}{tic} {Repub}{l}{ic} {of} {the} {Congo}
74%
{Democr}{a}{}{t}{ic} {Republic} {of} {t}{h}{e} {Co}{n}{go}
74%
{F}{e}{de}{r}{ated} {States} {o}{f} {M}{icronesia}
68%
{}{S}{}{o}{uth} {C}{a}{ro}{l}{ina}
68%
{Sou}{t}{}{h} {C}{a}{roli}{n}{a}
68%
{So}{u}{}{t}{}{h} {C}{a}{rolina}
68%
{Sou}{t}{}{h} {Sud}{a}{}{n}{}
65%
{}{N}{or}{t}{}{h} {C}{a}{rolina}
65%
{So}{u}{}{t}{}{h} {Sud}{a}{n}
65%
{So}{u}{}{t}{}{h} {Kore}{a}{}
65%
{So}{u}{}{t}{}{h} {D}{a}{kota}
64%
{}{S}{}{o}{m}{a}{}{l}{ia}
64%
{So}{u}{}{t}{}{h} {A}{frica}
63%
{}{N}{or}{t}{}{h} {D}{a}{kota}
63%
{Sa}{o} {To}{m}{}{e} {and} {P}{r}{incipe}
61%
{S}{a}{i}{n}{}{t} {Vincent} {and} {t}{h}{e} {Grenadines}
60%
{}{S}{}{o}{}{l}{omon} {Isl}{a}{nds}
58%
{}{N}{or}{t}{}{h} {Kore}{a}{}
58%
{}{T}{}{h}{}{a}{ila}{n}{d}
56%
{}{D}{ominic}{a}{n} {R}{e}{pub}{l}{ic}
53%
{D}{o}{}{m}{inican} {R}{}{e}{public}
53%
{}{A}{n}{d}{orra} {l}{a} {V}{e}{lla}
50%
{N}{e}{ther}{l}{}{a}{n}{d}{s}
50%
{}{N}{e}{t}{}{h}{erl}{a}{nds}
50%
{}{M}{}{o}{nt}{e}{neg}{r}{o}
50%
{}{S}{}{a}{n} {Sa}{l}{vad}{o}{r}
49%
{}{A}{fg}{h}{a}{n}{is}{t}{an}
49%
{W}{a}{s}{h}{i}{n}{g}{t}{on} {D.C.}
49%
{E}{l} {S}{}{a}{lvad}{o}{r}
49%
{}{E}{}{l} {S}{a}{lva}{d}{or}
49%
{B}{h}{u}{t}{}{a}{}{n}{}
47%
{N}{e}{w} {Ze}{a}{}{l}{an}{d}{}
47%
{B}{h}{}{u}{}{t}{}{a}{n}
47%
{K}{a}{zak}{h}{s}{t}{a}{n}{}
47%
{W}{a}{s}{h}{i}{n}{g}{t}{on}
47%
{}{D}{}{e}{}{l}{}{a}{ware}
46%
{}{E}{ast} {Ti}{m}{}{o}{}{r}{}
44%
{Ir}{e}{}{l}{}{a}{n}{d}{}
43%
{}{A}{}{l}{}{s}{}{o}{}
42%
{Ic}{e}{}{l}{}{a}{n}{d}{}
42%
{}{S}{}{l}{}{o}{v}{a}{kia}
42%
{Rho}{d}{}{e} {Is}{l}{}{a}{nd}
40%
{Rh}{o}{de} {I}{s}{}{l}{}{a}{nd}
40%
{}{S}{}{l}{}{o}{veni}{a}{}
40%
{}{L}{}{o}{ui}{s}{i}{a}{na}
40%
{So}{u}{}{t}{}{h} {T}{a}{rawa}
39%
{P}{o}{}{r}{t} {M}{or}{e}{sby}
39%
{S}{a}{i}{n}{}{t} {Jo}{h}{n's}
39%
{Switz}{e}{r}{l}{}{a}{n}{d}{}
38%
{}{A}{}{t}{}{h}{e}{n}{s}
36%
{}{S}{ierr}{a} {L}{e}{o}{ne}
36%
{}{T}{}{h}{}{a}{lli}{u}{m}
35%
{Sac}{r}{a}{m}{}{e}{nt}{o}{}
33%
{K}{a}{}{t}{}{h}{ma}{n}{du}
32%
{K}{a}{}{t}{}{h}{mand}{u}{}
32%
{Lux}{e}{}{m}{b}{o}{u}{r}{g}
32%
{}{T}{e}{h}{r}{a}{}{n}{}
31%
{Li}{t}{}{h}{}{u}{}{a}{nia}
31%
{Li}{t}{}{h}{u}{a}{}{n}{ia}
31%
{Indi}{a}{nap}{o}{}{l}{i}{s}{}
29%
{B}{r}{}{o}{}{m}{in}{e}{}
28%
{B}{a}{ng}{l}{a}{d}{}{e}{sh}
28%
{L}{a}{}{n}{}{t}{}{h}{anum}
26%
{L}{a}{n}{t}{}{h}{an}{u}{m}
26%
{M}{a}{ssac}{h}{}{u}{se}{t}{ts}
26%
{}{M}{}{o}{ntgom}{e}{}{r}{y}
25%
{}{R}{uth}{e}{rf}{o}{rdiu}{m}{}
25%
{M}{a}{}{l}{}{d}{iv}{e}{s}
25%
{B}{u}{c}{h}{}{a}{res}{t}{}
25%
{}{R}{}{o}{}{e}{ntgeniu}{m}{}
24%
{Ca}{m}{}{e}{}{r}{}{o}{on}
24%
{}{M}{}{o}{ntp}{e}{lie}{r}{}
22%
{}{N}{ou}{a}{kc}{h}{o}{t}{t}
22%
{No}{u}{}{a}{kc}{h}{o}{t}{t}
22%
{P}{r}{}{o}{}{m}{}{e}{thium}
22%
{}{T}{}{a}{s}{h}{ke}{n}{t}
21%
{S}{e}{ab}{o}{}{r}{giu}{m}{}
21%
{C}{h}{}{a}{rles}{t}{o}{n}{}
19%
{Ch}{a}{r}{l}{e}{s}{t}{o}{n}
19%
{}{E}{u}{r}{}{o}{piu}{m}{}
19%
{P}{r}{as}{e}{}{o}{dy}{m}{ium}
18%
{}{A}{nnap}{o}{}{l}{i}{s}{}
18%
{V}{e}{}{r}{}{m}{}{o}{nt}
18%
{K}{h}{}{a}{r}{t}{o}{u}{m}
17%
{B}{e}{}{l}{gr}{a}{}{d}{e}
15%
{Fl}{e}{}{r}{}{o}{viu}{m}{}
15%
{Liv}{e}{}{r}{}{m}{}{o}{rium}
15%
{C}{o}{p}{e}{}{r}{niciu}{m}{}
11%

Score Distribution

Percentile by Number Answered

Percent of People with Each Score

Your Score History

You have not taken this quiz